[Event "NOR-ch Clubs 2017"]
[Site "Kristiansund"]
[Date "2017.10.22"]
[Round "5"]
[White "Sjoberg, Isak"]
[Black "Dahl, Torbjorn"]
[Result "0-1"]
[WhiteElo "2067"]
[BlackElo "1974"]
[Annotator "NA"]
[PlyCount "96"]
[EventDate "2017.??.??"]
[EventType "team-tourn"]
[EventCountry "NOR"]
[SourceTitle "playchess.com"]
[Source "ChessBase"]
[SourceQuality "1"]
[TimeControl "40/5400:1800"]

1. e4 {[%emt 0:00:02]} Nf6 {[%emt 0:08:03]} 2. e5 {[%emt 0:00:05]} Nd5 {[%emt 0:00:10]} 3. d4 {[%emt 0:00:06]} Nb6 {[%emt 0:00:30]} 4. a4 {[%emt 0:13:53]} d6 {[%emt 0:00:57]} 5. a5 {[%emt 0:03:05]} N6d7 {[%emt 0:00:07]} 6. e6 {[%emt 0:11:40]} fxe6 {[%emt 0:00:35]} 7. h4 {[%emt 0:03:36]} Nf6 {[%emt 0:13:45]} 8. g4 {[%emt 0:05:27]} d5 {[%emt 0:22:43]} 9. Bd3 {[%emt 0:07:38]} Nc6 {[%emt 0:09:01]} 10. g5 {[%emt 0:09:15]} Ne4 {[%emt 0:12:07]} 11. c3 {[%emt 0:06:27]} Qd6 {[%emt 0:02:11]} 12. Qh5+ {[%emt 0:03:18]} g6 $15 {[%emt 0:02:16]} 13. Qe2 {[%emt 0:00:17]} e5 {[%emt 0:04:08]} 14. h5 {[%emt 0:07:57]} Bf5 {[%emt 0:01:00]} 15. Nf3 {[%emt 0:01:51]} O-O-O {[%emt 0:05:17]} 16. Na3 {[%emt 0:01:45]} Bg4 {[%emt 0:01:50]} 17. Nb5 {[%emt 0:01:04]} Qe6 {[%emt 0:00:21]} 18. Bxe4 {[%emt 0:00:33]} dxe4 {[%emt 0:00:04]} 19. Qxe4 {[%emt 0:00:08]} Bxf3 {[%emt 0:00:26]} 20. Qxf3 {[%emt 0:00:36]} exd4+ {[%emt 0:00:05]} 21. Qe2 {[%emt 0:00:17]} Qxe2+ {[%emt 0:00:52]} 22. Kxe2 {[%emt 0:00:01]} dxc3 {[%emt 0:00:26]} 23. hxg6 {[%emt 0:00:52]} Bg7 {[%emt 0:00:21]} 24. bxc3 {[%emt 0:00:38]} hxg6 {[%emt 0:00:41]} 25. Bf4 {[%emt 0:00:09]} e5 {[%emt 0:00:12]} 26. Be3 {[%emt 0:01:06]} a6 {[%emt 0:00:02]} 27. Na7+ {[%emt 0:01:11]} Nxa7 {[%emt 0:00:05]} 28. Bxa7 {[%emt 0:00:01]} e4 {[%emt 0:00:12]} 29. Rxh8 {[%emt 0:03:35]} Bxh8 {[%emt 0:00:01]} 30. Ke3 {[%emt 0:00:54]} Bxc3 {[%emt 0:00:19]} 31. Ra3 {[%emt 0:00:00]} Bg7 {[%emt 0:00:31]} 32. Kxe4 {[%emt 0:00:05]} Re8+ {[%emt 0:00:07]} 33. Kf3 {[%emt 0:00:14]} Re5 {[%emt 0:00:03]} 34. Be3 {[%emt 0:00:11]} Rf5+ {[%emt 0:00:01]} 35. Ke4 {[%emt 0:00:16]} Bf8 {[%emt 0:00:02]} 36. Ra1 {[%emt 0:00:15]} Rb5 {[%emt 0:00:03]} 37. f4 {[%emt 0:00:11]} Bb4 {[%emt 0:00:04]} 38. Rh1 {[%emt 0:00:32]} Bxa5 {[%emt 0:00:04]} 39. Rh6 {[%emt 0:00:03]} Rb4+ {[%emt 0:00:03]} 40. Kf3 {[%emt 0:00:13]} Rb3 {[%emt 0:30:11]} 41. Rxg6 {[%emt 0:30:01]} Bd2 {[%emt 0:00:03]} 42. Re6 {[%emt 0:00:12]} Kd7 {[%emt 0:00:00]} 43. f5 {[%emt 0:00:00]} a5 {[%emt 0:00:00]} 44. g6 {[%emt 0:00:00]} Bxe3 {[%emt 0:00:00]} 45. Rxe3 {[%emt 0:00:00]} Rxe3+ {[%emt 0:00:00]} 46. Kxe3 {[%emt 0:00:00]} Ke7 {[%emt 0:00:00]} 47. g7 {[%emt 0:00:00]} Kf7 {[%emt 0:00:00]} 48. f6 {[%emt 0:00:00]} a4 {[%emt 0:00:00]} 0-1

[Event "NOR-ch Clubs 2017"]
[Site "Kristiansund"]
[Date "2017.10.22"]
[Round "5"]
[White "Wetle Hoem, Tor"]
[Black "Al-Tarbosh, Ward"]
[Result "0-1"]
[WhiteElo "1965"]
[BlackElo "2270"]
[Annotator "NA"]
[PlyCount "76"]
[EventDate "2017.??.??"]
[EventType "team-tourn"]
[EventCountry "NOR"]
[SourceTitle "playchess.com"]
[Source "ChessBase"]
[SourceQuality "1"]
[TimeControl "40/5400:1800"]

1. d4 {[%emt 0:00:02]} d5 {[%emt 0:03:22]} 2. c4 {[%emt 0:01:33]} c6 {[%emt 0:00:04]} 3. Nc3 {[%emt 0:01:08]} Nf6 {[%emt 0:00:06]} 4. cxd5 {[%emt 0:00:28]} cxd5 {[%emt 0:00:18]} 5. Bf4 {[%emt 0:00:28]} Bf5 {[%emt 0:00:08]} 6. e3 {[%emt 0:02:40]} Nc6 {[%emt 0:00:20]} 7. Bd3 {[%emt 0:01:17]} Bxd3 {[%emt 0:05:44]} 8. Qxd3 {[%emt 0:03:05] LiveBook: 98 Partien} e6 {[%emt 0:21:13]} 9. Nge2 {[%emt 0:02:24] D10: Slav Defence: 3 cxd5 (without early Nf3) and 3 Nc3} (9. Nf3 Be7 10. h3 O-O 11. O-O Rc8 12. Rac1 a6 13. Ne5 Nxe5 14. Bxe5 Nd7 15. Bg3 Nb6 16. Rc2 Qd7 17. Rfc1 Nc4 18. Nd1 Rc6 19. b3 Na5 20. Qd2 Rfc8 21. Nb2 {½-½ (97) Timofeev,A (2593)-Hovhannisyan,R (2636) Moscow 2016}) 9... Bd6 {[%emt 0:00:20]} 10. Bg3 {[%emt 0:02:16]} O-O $146 {[%emt 0:00:07]} ({Predecessor:} 10... Bxg3 11. hxg3 Qb6 12. O-O Nb4 13. Qd1 Ng4 14. a3 Nc6 15. Na4 Qd8 16. Nf4 Nf6 {½-½ (65) Eilenberg,J (1754)-Chassard,C (1290) Willingen 2017}) 11. O-O {[%emt 0:06:48]} Qd7 {[%emt 0:02:14]} 12. f3 {[%emt 0:05:01]} e5 {[%emt 0:01:39]} 13. Bh4 {[%emt 0:09:09]} exd4 {[%emt 0:17:57]} 14. Nxd4 {[%emt 0:07:16]} Be5 {[%emt 0:00:12]} 15. Nce2 {[%emt 0:03:35]} Rfe8 {[%emt 0:00:16]} 16. a3 {[%emt 0:06:32]} Qc7 {[%emt 0:04:31]} 17. Bg3 {[%emt 0:04:53]} Nh5 {[%emt 0:00:24]} 18. f4 {[%emt 0:11:11]} Bxd4 {[%emt 0:01:18]} 19. Nxd4 {[%emt 0:01:09]} Nxg3 {[%emt 0:00:14]} 20. hxg3 {[%emt 0:00:08]} Qb6 {[%emt 0:00:02]} 21. Rfe1 {[%emt 0:07:55]} Re4 {[%emt 0:01:21]} 22. Qb5 {[%emt 0:01:38]} Nxd4 {[%emt 0:01:26]} 23. Qxb6 {[%emt 0:00:49]} axb6 {[%emt 0:00:01]} 24. exd4 {[%emt 0:00:17]} Rxd4 {[%emt 0:03:02]} 25. Re7 {[%emt 0:00:13]} Rc8 {[%emt 0:00:13]} 26. Rae1 {[%emt 0:00:57]} h5 {[%emt 0:00:57]} 27. Rxb7 {[%emt 0:00:07]} Rd2 {[%emt 0:01:02]} 28. Rxb6 {[%emt 0:04:14]} Rcc2 {[%emt 0:00:26]} 29. Rb3 $15 {[%emt 0:00:45]} (29. Kh1 $17) 29... Rxg2+ {[%emt 0:00:09]} 30. Kh1 {[%emt 0:00:02]} h4 {[%emt 0:12:27]} 31. gxh4 {[%emt 0:00:20]} Rg4 {[%emt 0:00:22]} 32. Rd1 {[%emt 0:01:10]} Rxh4+ {[%emt 0:00:28]} 33. Kg1 {[%emt 0:00:00]} Rg4+ {[%emt 0:00:02]} 34. Kh1 {[%emt 0:00:03]} Rxf4 {[%emt 0:00:10]} 35. Rb5 {[%emt 0:00:08]} d4 {[%emt 0:01:24]} 36. b4 {[%emt 0:00:01]} Rg4 {[%emt 0:01:57]} 37. Rd5 {[%emt 0:00:04]} Rc3 {[%emt 0:00:43]} 38. Kh2 Rxa3 0-1

[Event "NOR-ch Clubs 2017"]
[Site "Kristiansund"]
[Date "2017.10.22"]
[Round "5"]
[White "Sorensen, Simen"]
[Black "Standal, Egil Arne"]
[Result "1/2-1/2"]
[WhiteElo "1787"]
[BlackElo "1824"]
[Annotator "NA"]
[PlyCount "35"]
[EventDate "2017.??.??"]
[EventType "team-tourn"]
[EventCountry "NOR"]
[SourceTitle "playchess.com"]
[Source "ChessBase"]
[SourceQuality "1"]
[TimeControl "40/5400:1800"]

{[%evp 8,25,19,22,33,16,37,40,29,32767,41,32767,32767,6,30,0,0,32767,0,-15]} 1. e4 {[%emt 0:00:10]} c6 {[%emt 0:01:18]} 2. d4 {[%emt 0:00:13]} d5 {[%emt 0:00:18]} 3. Nc3 {[%emt 0:01:30]} dxe4 {[%emt 0:00:11]} 4. Nxe4 {[%emt 0:00:07]} Bf5 {[%emt 0:00:08]} 5. Ng3 {[%emt 0:00:07]} Bg6 {[%emt 0:00:04] LiveBook: 11749 Games} 6. Nf3 {[%emt 0:00:45]} Nd7 {[%emt 0:00:42]} 7. Bd3 {[%emt 0:02:05]} Bxd3 {[%emt 0:00:16]} 8. Qxd3 {[%emt 0:00:47]} Ngf6 {[%emt 0:01:38]} 9. Bd2 {[%emt 0:02:56]} e6 {[%emt 0:00:39]} 10. O-O {[%emt 0:00:48]} Bd6 {[%emt 0:00:41]} 11. a4 {[%emt 0:04:59]} O-O {[%emt 0:01:18]} 12. Rfe1 {[%emt 0:05:50]} Qc7 $11 {[%emt 0:00:32]} 13. Bc3 {[%emt 0:01:21]} Rad8 {[%emt 0:07:16]} 14. Qe2 {[%emt 0:09:59]} Nd5 {[%emt 0:04:22]} 15. Ne4 {[%emt 0:01:08]} Nxc3 {[%emt 0:02:58]} 16. Nxc3 {[%emt 0:00:36]} Nf6 {[%emt 0:03:46]} 17. Ne4 {[%emt 0:05:19]} Nxe4 {[%emt 0:03:19]} 18. Qxe4 {[%emt 0:00:21]} 1/2-1/2

[Event "NOR-ch Clubs 2017"]
[Site "Kristiansund"]
[Date "2017.10.22"]
[Round "5"]
[White "Isachsen, Harald"]
[Black "Svensen, Tarjei"]
[Result "0-1"]
[WhiteElo "1701"]
[BlackElo "2057"]
[Annotator "NA"]
[PlyCount "71"]
[EventDate "2017.??.??"]
[EventType "team-tourn"]
[EventCountry "NOR"]
[SourceTitle "playchess.com"]
[Source "ChessBase"]
[SourceQuality "1"]
[TimeControl "40/5400:1800"]

1. e4 {[%emt 0:02:27]} e6 {[%emt 0:00:12]} 2. Nf3 {[%emt 0:01:23]} d5 {[%emt 0:00:07]} 3. exd5 {[%emt 0:00:59]} exd5 {[%emt 0:00:02]} 4. d4 {[%emt 0:01:29]} Bg4 {[%emt 0:03:11]} 5. Be2 {[%emt 0:00:49]} Bd6 {[%emt 0:00:48] LiveBook: 26 Games} 6. Bg5 {[%emt 0:17:56] C01: French: Exchange Variation} (6. h3 Bh5 7. O-O Ne7 8. Nbd2 O-O 9. c3 Nbc6 10. Ne5 Bxe2 11. Qxe2 Re8 12. Nxc6 Nxc6 13. Qd3 a6 {1-0 (48) Jakovenko,D (2662)-Kiriakov,P (2555) playchess.com INT 2006}) 6... Ne7 {[%emt 0:01:26]} 7. Bh4 {[%emt 0:00:00]} Nbc6 {[%emt 0:00:00]} 8. Bg3 {[%emt 0:04:21]} O-O $146 {[%emt 0:01:49]} ({Predecessor:} 8... Nf5 9. Bxd6 Qxd6 10. c3 O-O-O 11. O-O Rde8 12. h3 h5 13. Re1 {½-½ (38) Fargere,F (2367)-Iotov,V (2531) Mulhouse 2008}) 9. c3 {[%emt 0:00:00]} Re8 {[%emt 0:17:08]} 10. O-O {[%emt 0:02:00]} Ng6 {[%emt 0:00:35]} 11. Nbd2 {[%emt 0:07:24]} Bf4 {[%emt 0:03:25]} 12. Re1 {[%emt 0:01:47]} Qf6 {[%emt 0:02:16]} 13. Qc2 {[%emt 0:01:33]} Re7 {[%emt 0:09:53]} 14. Bd3 {[%emt 0:03:04]} Rae8 {[%emt 0:01:42]} 15. Rxe7 {[%emt 0:01:25]} Rxe7 {[%emt 0:00:17]} 16. Re1 {[%emt 0:06:44]} Rxe1+ {[%emt 0:03:02]} 17. Nxe1 {[%emt 0:02:48]} Nce7 {[%emt 0:01:52]} 18. Nef3 {[%emt 0:08:25]} c6 {[%emt 0:03:33]} 19. Qb1 {[%emt 0:01:22]} h5 {[%emt 0:07:06]} 20. Qe1 {[%emt 0:05:49]} h4 {[%emt 0:00:50]} 21. Bxf4 {[%emt 0:01:21]} Nxf4 {[%emt 0:00:22]} 22. Ne5 $11 {[%emt 0:03:29]} Qg5 {[%emt 0:04:31]} 23. Qe3 {[%emt 0:05:06]} Nf5 {[%emt 0:13:05]} 24. Bxf5 {[%emt 0:01:01]} Qxf5 {[%emt 0:01:28]} 25. Nxg4 {[%emt 0:02:47]} Qxg4 {[%emt 0:00:07]} 26. Qf3 {[%emt 0:00:49]} Qg5 {[%emt 0:00:40]} 27. Nf1 {[%emt 0:00:22]} g6 {[%emt 0:03:50]} 28. Ne3 {[%emt 0:00:17]} Kg7 {[%emt 0:00:18]} 29. Qg4 {[%emt 0:00:58]} Qxg4 {[%emt 0:01:17]} 30. Nxg4 {[%emt 0:00:04]} Nd3 {[%emt 0:00:04]} 31. b3 {[%emt 0:01:33]} Nc1 {[%emt 0:00:07]} 32. Ne3 {[%emt 0:00:06]} Ne2+ {[%emt 0:00:32]} 33. Kf1 {[%emt 0:00:05]} Nxc3 {[%emt 0:00:03]} 34. Nc2 {[%emt 0:00:14]} Nxa2 {[%emt 0:00:19]} 35. Ke2 {[%emt 0:00:02]} Nc3+ {[%emt 0:00:16]} 36. Kd3 {[%emt 0:00:00]} 0-1

[Event "NOR-ch Clubs 2017"]
[Site "Kristiansund"]
[Date "2017.10.22"]
[Round "5"]
[White "Hestholm, Gustav"]
[Black "Simensen, Vegard"]
[Result "0-1"]
[WhiteElo "1487"]
[BlackElo "1969"]
[Annotator "NA"]
[PlyCount "104"]
[EventDate "2017.??.??"]
[EventType "team-tourn"]
[EventCountry "NOR"]
[SourceTitle "playchess.com"]
[Source "ChessBase"]
[SourceQuality "1"]
[TimeControl "40/5400:1800"]

1. e4 {[%emt 0:00:04]} c5 {[%emt 0:00:34]} 2. c3 {[%emt 0:00:14]} d5 {[%emt 0:02:26]} 3. exd5 {[%emt 0:01:30]} Nf6 {[%emt 0:02:11]} 4. Bb5+ {[%emt 0:02:26]} Nbd7 {[%emt 0:02:39]} 5. Nf3 {[%emt 0:01:39]} Nxd5 {[%emt 0:08:08]} 6. d4 {[%emt 0:00:33]} e6 {[%emt 0:02:20]} 7. O-O {[%emt 0:00:58]} Bd6 {[%emt 0:04:42]} 8. Bg5 {[%emt 0:04:17]} Qb6 {[%emt 0:08:24]} (8... f6 $11 9. c4 Nc7 10. dxc5 Bxc5) 9. Bxd7+ {[%emt 0:03:38]} (9. c4 $16) 9... Bxd7 {[%emt 0:03:02]} 10. Qc2 {[%emt 0:01:41]} (10. Nbd2 $14) 10... cxd4 {[%emt 0:05:06]} 11. Nxd4 {[%emt 0:05:53]} O-O {[%emt 0:04:02]} 12. Nd2 {[%emt 0:02:49]} Rac8 $17 {[%emt 0:02:34]} 13. N2b3 {[%emt 0:03:26]} Bb8 {[%emt 0:07:20]} 14. Bh4 {[%emt 0:03:27]} e5 {[%emt 0:07:10]} 15. Nf3 {[%emt 0:01:16]} f6 {[%emt 0:03:34]} 16. Rad1 {[%emt 0:05:23]} Bc6 {[%emt 0:03:58]} 17. Qf5 {[%emt 0:02:45]} Rce8 {[%emt 0:02:00]} 18. Bg3 {[%emt 0:02:07]} Kh8 {[%emt 0:02:59]} 19. h4 {[%emt 0:01:32]} Ne7 {[%emt 0:01:15]} 20. Qh3 {[%emt 0:01:45]} Be4 {[%emt 0:01:43]} 21. Rd2 {[%emt 0:05:45]} Bf5 {[%emt 0:00:49]} 22. Qh2 {[%emt 0:00:36]} Bg4 {[%emt 0:01:30]} 23. h5 {[%emt 0:01:08]} Nf5 {[%emt 0:01:35]} 24. Kh1 {[%emt 0:02:16]} Qa6 {[%emt 0:02:43]} 25. Ra1 {[%emt 0:01:37]} Nxg3+ {[%emt 0:01:20]} 26. fxg3 {[%emt 0:00:21]} Rd8 {[%emt 0:01:16]} 27. h6 {[%emt 0:02:05]} g6 {[%emt 0:01:13]} 28. Qh4 {[%emt 0:07:52]} Bxf3 {[%emt 0:00:32]} 29. gxf3 {[%emt 0:00:57]} Rxd2 {[%emt 0:00:05]} 30. Nxd2 {[%emt 0:00:08]} Qe2 {[%emt 0:00:57]} 31. Qb4 {[%emt 0:00:36]} Rf7 {[%emt 0:01:11]} 32. Qc4 {[%emt 0:00:41]} Qxc4 {[%emt 0:00:02]} 33. Nxc4 {[%emt 0:00:10]} Rd7 {[%emt 0:00:04]} 34. Ne3 {[%emt 0:00:47]} Kg8 {[%emt 0:00:25]} 35. Rd1 {[%emt 0:00:14]} Rxd1+ {[%emt 0:00:05]} 36. Nxd1 {[%emt 0:00:02]} Kf7 {[%emt 0:00:01]} 37. Ne3 {[%emt 0:01:30]} Ke6 {[%emt 0:00:01]} 38. Kg2 {[%emt 0:01:30]} b6 {[%emt 0:00:01]} 39. Kf2 {[%emt 0:01:47]} Bc7 {[%emt 0:00:00]} 40. Ke2 {[%emt 0:04:21]} Bd8 {[%emt 0:30:01]} 41. Kf2 {[%emt 0:32:53]} Be7 {[%emt 0:00:00]} 42. g4 {[%emt 0:00:00]} f5 {[%emt 0:00:00]} 43. gxf5+ {[%emt 0:00:00]} gxf5 {[%emt 0:00:00]} 44. Ng2 {[%emt 0:00:00]} Bg5 {[%emt 0:00:00]} 45. Kg3 {[%emt 0:00:00]} Bxh6 {[%emt 0:00:00]} 46. Nh4 {[%emt 0:00:00]} Bd2 {[%emt 0:00:00]} 47. Kf2 {[%emt 0:00:00]} Bg5 {[%emt 0:00:00]} 48. Ng2 {[%emt 0:00:00]} Kd5 {[%emt 0:00:00]} 49. b3 {[%emt 0:00:00]} h5 {[%emt 0:00:00]} 50. Ke2 {[%emt 0:00:00]} h4 {[%emt 0:00:00]} 51. Kf2 {[%emt 0:00:00]} h3 {[%emt 0:00:00]} 52. Ne1 {[%emt 0:00:00]} Bh4+ {[%emt 0:00:00]} 0-1

[Event "NOR-ch Clubs 2017"]
[Site "Kristiansund"]
[Date "2017.10.22"]
[Round "5"]
[White "Refsnes, Stale"]
[Black "Seglem, Ole Andre"]
[Result "1-0"]
[WhiteElo "1444"]
[BlackElo "1494"]
[Annotator "NA"]
[PlyCount "107"]
[EventDate "2017.??.??"]
[EventType "team-tourn"]
[EventCountry "NOR"]
[SourceTitle "playchess.com"]
[Source "ChessBase"]
[SourceQuality "1"]
[TimeControl "40/5400:1800"]

1. e4 {[%emt 0:08:34]} d5 {[%emt 0:00:07]} 2. e5 {[%emt 0:00:20]} e6 {[%emt 0:02:46]} 3. d4 {[%emt 0:00:39]} c5 {[%emt 0:00:06]} 4. c3 {[%emt 0:00:20]} Ne7 {[%emt 0:01:03]} 5. Bg5 {[%emt 0:02:30]} h6 {[%emt 0:00:40]} 6. Bd2 {[%emt 0:01:17]} Nbc6 {[%emt 0:00:44]} 7. Nf3 {[%emt 0:00:56]} Qb6 {[%emt 0:00:59]} 8. Qb3 {[%emt 0:02:02]} Qxb3 {[%emt 0:02:39]} 9. axb3 {[%emt 0:00:06]} cxd4 {[%emt 0:02:53]} 10. cxd4 {[%emt 0:00:26]} Nf5 {[%emt 0:00:11]} 11. Bc3 {[%emt 0:00:37]} Bb4 {[%emt 0:00:59]} 12. Nbd2 {[%emt 0:00:47]} O-O {[%emt 0:02:26]} 13. Bd3 {[%emt 0:01:08]} Nfe7 {[%emt 0:00:41]} 14. O-O {[%emt 0:00:41]} Bd7 {[%emt 0:00:38]} 15. Ra2 {[%emt 0:01:54]} Nc8 {[%emt 0:02:04]} 16. Rfa1 {[%emt 0:01:10]} a6 {[%emt 0:02:24]} 17. Ra4 {[%emt 0:01:06]} Bxc3 {[%emt 0:01:47]} 18. bxc3 {[%emt 0:00:33]} Nxe5 {[%emt 0:00:15]} 19. Nxe5 {[%emt 0:00:12]} Bxa4 {[%emt 0:00:02]} 20. Rxa4 {[%emt 0:00:45]} Ne7 {[%emt 0:01:48]} 21. c4 {[%emt 0:08:17]} Rfd8 {[%emt 0:05:34]} 22. c5 {[%emt 0:01:03]} Rac8 {[%emt 0:05:57]} 23. Kf1 {[%emt 0:06:33]} Nc6 {[%emt 0:02:13]} 24. f4 {[%emt 0:02:31]} f6 {[%emt 0:01:04]} 25. Nxc6 {[%emt 0:01:30]} Rxc6 {[%emt 0:00:02]} 26. Rb4 {[%emt 0:00:51]} Rd7 {[%emt 0:01:55]} 27. Nf3 {[%emt 0:06:58]} Kf7 {[%emt 0:01:28]} 28. h4 {[%emt 0:00:38]} h5 {[%emt 0:03:35]} 29. Ra4 {[%emt 0:03:30]} Rd8 {[%emt 0:04:01]} 30. Ke2 {[%emt 0:02:32]} Ke7 {[%emt 0:01:34]} 31. Ke3 {[%emt 0:01:35]} Rb8 {[%emt 0:05:23]} 32. Nd2 {[%emt 0:02:46]} Rg8 {[%emt 0:06:46]} 33. Bg6 {[%emt 0:00:12]} Rh8 {[%emt 0:02:29]} 34. Rb4 {[%emt 0:00:06]} Rc7 {[%emt 0:00:08]} 35. Nf3 {[%emt 0:00:41]} Rh6 {[%emt 0:02:12]} 36. Bd3 {[%emt 0:00:11]} Rh8 {[%emt 0:01:03]} 37. Rb6 {[%emt 0:00:06]} a5 {[%emt 0:02:04]} 38. f5 {[%emt 0:00:07]} e5 {[%emt 0:01:25]} 39. Re6+ {[%emt 0:00:09]} Kd7 {[%emt 0:01:00]} 40. dxe5 {[%emt 0:02:18]} Rxc5 {[%emt 0:30:38]} 41. exf6 {[%emt 0:30:08]} gxf6 42. Rb6 {[%emt 0:00:38]} Kc7 {[%emt 0:01:24]} 43. Rxf6 {[%emt 0:00:11]} Rc3 {[%emt 0:00:20]} 44. Nd4 {[%emt 0:01:01]} Re8+ {[%emt 0:01:48]} 45. Kd2 {[%emt 0:00:14]} Rc5 {[%emt 0:01:04]} 46. Ne6+ {[%emt 0:00:10]} Kd6 {[%emt 0:00:28]} 47. Nxc5+ {[%emt 0:00:37]} Kxc5 {[%emt 0:00:08]} 48. Rf7 {[%emt 0:01:40]} Rg8 {[%emt 0:00:22]} 49. Bf1 {[%emt 0:00:14]} Rg4 {[%emt 0:00:14]} 50. Rxb7 {[%emt 0:00:33]} Rf4 {[%emt 0:00:34]} 51. Be2 {[%emt 0:03:52]} Rxf5 {[%emt 0:00:25]} 52. Rb5+ {[%emt 0:00:09]} Kd4 {[%emt 0:00:24]} 53. Bf3 {[%emt 0:00:31]} a4 {[%emt 0:00:53]} 54. Rb4+ {[%emt 0:00:11]} 1-0

[Event "NOR-ch Clubs 2017"]
[Site "Kristiansund"]
[Date "2017.10.22"]
[Round "5"]
[White "Welle, Sindre"]
[Black "Flatebo, Hallvard Haug"]
[Result "0-1"]
[WhiteElo "1441"]
[BlackElo "1531"]
[Annotator "NA"]
[PlyCount "77"]
[EventDate "2017.??.??"]
[EventType "team-tourn"]
[EventCountry "NOR"]
[SourceTitle "playchess.com"]
[Source "ChessBase"]
[SourceQuality "1"]
[TimeControl "40/5400:1800"]

1. d4 {[%emt 0:00:02]} f5 {[%emt 0:00:05]} 2. Nf3 {[%emt 0:00:30]} Nf6 {[%emt 0:00:07]} 3. e3 {[%emt 0:00:44]} g6 {[%emt 0:00:07]} 4. Bc4 {[%emt 0:00:52]} e6 {[%emt 0:00:31]} 5. O-O {[%emt 0:01:09]} Bg7 {[%emt 0:00:09]} 6. Nc3 {[%emt 0:02:19]} O-O {[%emt 0:01:27]} 7. d5 {[%emt 0:01:13]} Qe7 {[%emt 0:02:08]} 8. dxe6 {[%emt 0:01:09]} dxe6 {[%emt 0:00:02]} 9. Qe2 {[%emt 0:01:05]} Kh8 {[%emt 0:06:57]} 10. e4 {[%emt 0:01:15]} Nc6 {[%emt 0:07:39]} 11. Re1 {[%emt 0:01:40]} fxe4 {[%emt 0:05:17]} 12. Nxe4 {[%emt 0:00:25]} Nxe4 {[%emt 0:01:22]} 13. Qxe4 {[%emt 0:00:07]} e5 {[%emt 0:01:11]} 14. Bg5 {[%emt 0:10:25]} Qe8 {[%emt 0:00:17]} 15. Qe3 {[%emt 0:01:41]} Bf5 {[%emt 0:02:01]} 16. c3 {[%emt 0:00:37]} a6 {[%emt 0:02:01]} 17. Rad1 {[%emt 0:01:53]} Be6 {[%emt 0:02:34]} 18. Bxe6 {[%emt 0:01:46]} Qxe6 {[%emt 0:00:01]} 19. Bh6 {[%emt 0:00:19]} Rae8 {[%emt 0:02:29]} 20. Bxg7+ Kxg7 21. h4 {[%emt 0:01:45]} h6 {[%emt 0:06:15]} 22. h5 {[%emt 0:01:32]} g5 {[%emt 0:01:12]} 23. g3 {[%emt 0:04:45]} Qg4 {[%emt 0:04:57]} 24. Kg2 {[%emt 0:02:08]} Qxh5 {[%emt 0:03:59]} 25. Rd7+ {[%emt 0:00:49]} Rf7 {[%emt 0:00:13]} 26. Red1 {[%emt 0:00:33]} Ree7 {[%emt 0:01:01]} 27. R7d2 {[%emt 0:01:37]} Qg6 {[%emt 0:05:38]} 28. g4 {[%emt 0:01:59]} Rf4 {[%emt 0:02:50]} 29. Nh2 {[%emt 0:00:42]} Qe6 {[%emt 0:01:46]} 30. f3 {[%emt 0:01:15]} e4 {[%emt 0:00:57]} 31. fxe4 {[%emt 0:01:24]} Rxe4 {[%emt 0:00:15]} 32. Qg3 {[%emt 0:01:16]} Re3 {[%emt 0:02:17]} 33. Nf3 {[%emt 0:01:47]} Ne5 {[%emt 0:01:27]} 34. Rf1 {[%emt 0:02:14]} Qxg4 {[%emt 0:01:08]} 35. Qxg4 {[%emt 0:00:17]} Nxg4 {[%emt 0:00:17]} 36. Nd4 {[%emt 0:00:25]} Kg6 {[%emt 0:01:19]} 37. Kg1 {[%emt 0:01:19]} Rg3+ {[%emt 0:01:30]} 38. Rg2 {[%emt 0:00:30]} Rxg2+ {[%emt 0:00:03]} 39. Kxg2 {Kf6} 0-1